| 000 | 00786cam a2200265 i 4500 | ||
|---|---|---|---|
| 001 | 200461222 | ||
| 003 | TR-AnTOB | ||
| 005 | 20240626085813.0 | ||
| 007 | ta | ||
| 008 | 240613s1999 tur a 00| 0 tur d | ||
| 040 |
_aTR-AnTOB _beng _erda _cTR-AnTOB |
||
| 041 | 0 | _atur | |
| 050 | _aDR589 | ||
| 090 |
_aDR589 _b.S45m 1999 TıpFaK |
||
| 100 | 1 |
_aSelek, Sabahattin _948970 _eauthor |
|
| 245 | 1 | 0 |
_aMilli mücadele : _b(Erzurum'da gergin günler) / _cSabahattin Selek. |
| 264 | 1 |
_aİstanbul : _bCumhuriyet, _c1999. |
|
| 300 |
_a144 pages ; _c19 cm |
||
| 336 |
_atext _btxt _2rdacontent |
||
| 337 |
_aunmediated _bn _2rdamedia |
||
| 338 |
_avolume _bnc _2rdacarrier |
||
| 651 | 0 |
_aTürkiye _xTarih _yKurtuluş Savaşı, 1918-1923 _910811 |
|
| 942 |
_cBK _2lcc |
||
| 999 |
_c200461222 _d79434 |
||